| 000 | 00889nam a22002417a 4500 | ||
|---|---|---|---|
| 001 | 80609 | ||
| 003 | BD-RjUL | ||
| 005 | 20230301113212.0 | ||
| 008 | 221024s1998 bg a|||| m||| 00| 0 eng d | ||
| 035 | _a(BD-RjUL)80609 | ||
| 040 |
_aBD-RjUL _beng _cBD-RjUL _dBD-RjUL |
||
| 041 | _aeng | ||
| 082 |
_223 _a639.311 _bISS 1998 |
||
| 100 |
_aIslam, Mohd. Azizul _95453 |
||
| 245 | 1 | 0 |
_aStudies on the nutrient status and plankton succession in four ponds of Rajshahi pisciculture hatchery / _cBy Mohd. Azizul Islam ; _6Supervisor : M. Zaman |
| 260 |
_aRajshahi : _bDepartment of Botany, University of Rajshahi, _c1998 |
||
| 300 |
_av, 173 leaves : _bill, ; _c29.cm. |
||
| 502 | _aThesis (M. Phil.) -- Department of Botany, University of Rajshahi, 1998 | ||
| 504 | _aReferences : Leaves 98 -133 | ||
| 650 |
_aFish Hatcheries _93415 |
||
| 700 |
_aZaman, M. Supervisor _95454 |
||
| 942 |
_2ddc _cTHE |
||
| 999 |
_c80609 _d80609 |
||